00681nam a2200205Ia 450000500170000000800410001702000150005804000180007304100080009108200200009910000230011924501270014225000120026926000450028130000250032665000310035165000400038265000320042270000210045420220203094656.0210716s2003 xx 000 0 und d a817808824X cAIMIT LIBRARY aeng a658.4 27bGREJ aGreenberg, Jerald. aBehavior in organizations: bunderstanding and managing the human side of work /cBy Jerald Greenberg and Robert A. Baron. a7th ed. aNew Jersey :bPearson Education ;c2003. aVii, 687p. ;c28 cm. aMotivation in organization aOrganizational structure and design aLeadership in organizations aBaron, Robert A.